[Event "4NCL Online Division 5"]
[Site "online"]
[Date "2020.04.07"]
[Round "1.133"]
[White "Palmer, James C"]
[Black "Fairclough, William"]
[Result "1-0"]
[WhiteElo "1720"]
[BlackElo "1412"]
[PlyCount "101"]
[EventDate "2020.04.07"]
[WhiteTeam "St Albans 2"]
[BlackTeam "Manchester Juniors B"]

1. f4 d5 2. Nf3 Nc6 3. e3 Bf5 4. c3 Nf6 5. d4 e6 6. Bd3 Bxd3 7. Qxd3 Bd6 8.
Nbd2 O-O 9. Ne5 Nxe5 10. fxe5 Nh5 11. exd6 cxd6 12. Nf3 Re8 13. O-O e5 14. Qf5
g6 15. Qg4 f5 16. Qg5 e4 17. Qxd8 Raxd8 18. Nd2 b5 19. a4 a6 20. axb5 axb5 21.
Ra6 Rf8 22. Rb6 f4 23. Nb3 fxe3 24. Bxe3 Rxf1+ 25. Kxf1 Rf8+ 26. Ke2 Nf4+ 27.
Bxf4 Rxf4 28. Rxd6 Rf5 29. Rb6 Rh5 30. h3 Rg5 31. g4 h5 32. Rxb5 hxg4 33. hxg4
Rxg4 34. Rxd5 Kf7 35. Nd2 Ke6 36. Re5+ Kf6 37. Nxe4+ Kf7 38. b4 Rg2+ 39. Kd3
Kg7 40. b5 Rb2 41. Kc4 Kh6 42. Kc5 Rg2 43. b6 Kg7 44. b7 Rb2 45. Kc6 Kf7 46.
Kc7 g5 47. Nxg5+ Kf6 48. Ne4+ Kf7 49. b8=Q Rxb8 50. Kxb8 Kg6 51. d5 1-0

[Event "4NCL Online Division 5"]
[Site "online"]
[Date "2020.04.07"]
[Round "1.134"]
[White "Jayawarna, Thisumi"]
[Black "Maton, Emily"]
[Result "1-0"]
[WhiteElo "1316"]
[BlackElo "1652"]
[PlyCount "93"]
[EventDate "2020.04.07"]
[WhiteTeam "Manchester Juniors B"]
[BlackTeam "St Albans 2"]

1. e4 c5 2. Nf3 g6 3. d4 cxd4 4. Nxd4 Nf6 5. Nc3 d6 6. Be3 Nc6 7. f3 Bg7 8. Qd2
a5 9. Be2 Bd7 10. g4 h6 11. h4 Nxd4 12. Bxd4 Rb8 13. Nd5 Nxd5 14. Bxg7 Rh7 15.
exd5 Rxg7 16. Qxh6 Rg8 17. h5 Qb6 18. O-O-O Kd8 19. Rd2 Kc7 20. Qf4 gxh5 21.
Rxh5 Rbf8 22. Qd4 Qxd4 23. Rxd4 Rh8 24. Rxh8 Rxh8 25. f4 Rh1+ 26. Kd2 Kb6 27.
Re4 e6 28. dxe6 Bxe6 29. a3 Rh2 30. g5 Bg4 31. Re7 Be6 32. g6 Rf2 33. gxf7 Rxf4
34. Rxe6 Rxf7 35. Rxd6+ Kc7 36. Rd5 b6 37. Kc3 Kc6 38. Rd4 b5 39. b4 a4 40. Kd3
Rf6 41. c4 bxc4+ 42. Kxc4 Rf2 43. Bd3 Ra2 44. b5+ Kb6 45. Kb4 Rb2+ 46. Kxa4 Rd2
47. Kb4 1-0

[Event "4NCL Online Division 5"]
[Site "online"]
[Date "2020.04.07"]
[Round "1.141"]
[White "Kalyviotis, Alexandros"]
[Black "Millar, Greg F"]
[Result "1-0"]
[WhiteElo "1600"]
[BlackElo "1727"]
[PlyCount "45"]
[EventDate "2020.04.07"]
[WhiteTeam "St Albans 3"]
[BlackTeam "Maryport Assassins B"]

1. e4 c6 2. Nc3 d5 3. Nf3 Bg4 4. h3 Bxf3 5. Qxf3 Nf6 6. d3 d4 7. Ne2 e5 8. Bg5
Be7 9. O-O-O Qa5 10. Kb1 c5 11. Ng3 h6 12. Bd2 Qc7 13. Nf5 O-O 14. Nxh6+ Kh8
15. Nf5 g6 16. Nxe7 Qxe7 17. Bg5 Kg7 18. g4 Nc6 19. h4 Nd8 20. h5 gxh5 21. gxh5
Ne6 22. h6+ Kg6 23. Qf5# 1-0

[Event "4NCL Online Division 5"]
[Site "online"]
[Date "2020.04.07"]
[Round "1.142"]
[White "Stone, Ian C"]
[Black "Pines, Chris"]
[Result "1-0"]
[WhiteElo "1675"]
[BlackElo "1570"]
[PlyCount "69"]
[EventDate "2020.04.07"]
[WhiteTeam "Maryport Assassins B"]
[BlackTeam "St Albans 3"]

1. e4 e5 2. Nf3 d6 3. Bc4 Nh6 4. h3 Qe7 5. Nc3 Be6 6. d3 Bxc4 7. dxc4 c6 8. O-O
Qd8 9. Qe2 Nd7 10. Rd1 Nf6 11. Nxe5 Qe7 12. Nf3 O-O-O 13. Bf4 Qc7 14. Rd3 Ne8
15. Rad1 f6 16. c5 Nf7 17. cxd6 Nexd6 18. b3 Be7 19. e5 Nxe5 20. Nxe5 fxe5 21.
Qxe5 Bf6 22. Qe6+ Qd7 23. Qxd6 Qxd6 24. Bxd6 Rxd6 25. Rxd6 Bxc3 26. R1d3 Bf6
27. Rd7 Re8 28. Rf7 Re1+ 29. Kh2 Re2 30. Rdd7 Rxf2 31. Rxb7 Be5+ 32. Kg1 Rxc2
33. Rbe7 Rc1+ 34. Kf2 Rc2+ 35. Ke3 1-0

[Event "4NCL Online Division 5"]
[Site "online"]
[Date "2020.04.07"]
[Round "1.143"]
[White "Maton, James J"]
[Black "Tyson, Terry"]
[Result "0-1"]
[WhiteElo "1562"]
[BlackElo "1667"]
[PlyCount "78"]
[EventDate "2020.04.07"]
[WhiteTeam "St Albans 3"]
[BlackTeam "Maryport Assassins B"]

1. d4 d5 2. c4 c6 3. Nf3 Nf6 4. g3 dxc4 5. Bg2 Bg4 6. O-O Qc7 7. Qc2 e6 8. e4
Nbd7 9. Bf4 Qc8 10. Nbd2 Be7 11. Nxc4 O-O 12. Nd6 Bxd6 13. Bxd6 Re8 14. e5 Bf5
15. Qd2 Ne4 16. Qf4 Nxd6 17. exd6 Nb6 18. Ne5 Qd8 19. g4 Bg6 20. g5 Qxd6 21. h4
Nd5 22. Qg4 Bf5 23. Qg3 Ne7 24. Rad1 Ng6 25. h5 Nxe5 26. dxe5 Qb4 27. g6 hxg6
28. hxg6 Bxg6 29. Bf3 Rad8 30. Rxd8 Rxd8 31. Qg5 Qb6 32. Kg2 Rd2 33. Qg3 Qxb2
34. Qh4 Qxe5 35. Rh1 Kf8 36. Qb4+ Qd6 37. Rh8+ Ke7 38. Qxb7+ Kf6 39. Bxc6 Qc5
0-1

[Event "4NCL Online Division 5"]
[Site "online"]
[Date "2020.04.07"]
[Round "1.144"]
[White "Bowler, Tim"]
[Black "Angel, George"]
[Result "0-1"]
[WhiteElo "1577"]
[BlackElo "1472"]
[PlyCount "80"]
[EventDate "2020.04.07"]
[WhiteTeam "Maryport Assassins B"]
[BlackTeam "St Albans 3"]

1. d4 e6 2. e4 d5 3. Nc3 c5 4. f4 Nc6 5. Nf3 Qb6 6. Bb5 Bd7 7. exd5 Nxd4 8.
Bxd7+ Kxd7 9. Ne5+ Ke8 10. Nc4 Qa6 11. Ne3 Nf6 12. a4 Bd6 13. dxe6 Bxf4 14.
Ned5 Qxe6+ 15. Kf2 Be5 16. Nxf6+ Qxf6+ 17. Ke1 Qg6 18. Kf1 Qf5+ 19. Kg1 Nxc2
20. g4 Bd4+ 21. Kg2 Qf2+ 22. Kh3 h5 23. Qe2+ Qxe2 24. Nxe2 Nxa1 25. Nxd4 hxg4+
26. Kxg4 cxd4 27. Re1+ Kd7 28. Rd1 Nb3 29. Bf4 f6 30. Rd3 Nc5 31. Rxd4+ Ke6 32.
Rd6+ Ke7 33. Rd5 Nxa4 34. Bd6+ Ke6 35. Rd4 Nxb2 36. Ba3 Rxh2 37. Kg3 Rah8 38.
Re4+ Kf7 39. Re7+ Kg6 40. Bxb2 Rxb2 0-1

[Event "4NCL Online Division 5"]
[Site "online"]
[Date "2020.04.07"]
[Round "1.151"]
[White "Whatmore, Steve"]
[Black "Parsons, Robert"]
[Result "1/2-1/2"]
[WhiteElo "1817"]
[BlackElo "1720"]
[PlyCount "60"]
[EventDate "2020.04.07"]
[WhiteTeam "Rugeley"]
[BlackTeam "Hatch End B"]

1. d4 e6 2. c4 d5 3. Nc3 Bb4 4. cxd5 exd5 5. Nf3 Nf6 6. Bg5 O-O 7. e3 Bg4 8. h3
Bh5 9. a3 Bxc3+ 10. bxc3 Nbd7 11. g4 Bg6 12. Ne5 c6 13. h4 Qa5 14. Qb3 Nxe5 15.
Bxf6 Nf3+ 16. Ke2 gxf6 17. Bg2 Ne5 18. dxe5 fxe5 19. h5 Qa6+ 20. Ke1 Bd3 21. h6
Bc4 22. Qb4 Rfe8 23. Rh5 Rad8 24. Rg5+ Kh8 25. Rf5 d4 26. Be4 Bf1 27. Ra2 dxe3
28. Rxf7 e2 29. Rxh7+ Kg8 30. Rg7+ Kh8 1/2-1/2

[Event "4NCL Online Division 5"]
[Site "online"]
[Date "2020.04.07"]
[Round "1.152"]
[White "Barry, Brendan"]
[Black "Carr, Matthew"]
[Result "0-1"]
[WhiteElo "1315"]
[BlackElo "1692"]
[PlyCount "52"]
[EventDate "2020.04.07"]
[WhiteTeam "Hatch End B"]
[BlackTeam "Rugeley"]

1. e4 e6 2. Nf3 d5 3. Nc3 Nf6 4. e5 Nfd7 5. Bd3 c5 6. O-O Nc6 7. Re1 a6 8. Bf1
Be7 9. d4 O-O 10. g3 f6 11. Bh3 Nb6 12. dxc5 Bxc5 13. exf6 Qxf6 14. Bg5 Qxf3
15. Qxf3 Rxf3 16. Rxe6 Bxe6 17. Bxe6+ Kf8 18. Kg2 Rxf2+ 19. Kh3 Re8 20. Bg4 Ne5
21. Be2 Nf7 22. Kg4 Nxg5 23. Kxg5 d4 24. Nd1 Rfxe2 25. c3 R2e4 26. Kf5 R8e5#
0-1

[Event "4NCL Online Division 5"]
[Site "online"]
[Date "2020.04.07"]
[Round "1.153"]
[White "Sullivan, Luke"]
[Black "Gill, Veer"]
[Result "1-0"]
[WhiteElo "1585"]
[BlackElo "1285"]
[PlyCount "89"]
[EventDate "2020.04.07"]
[WhiteTeam "Rugeley"]
[BlackTeam "Hatch End B"]

1. c4 e5 2. Nc3 Nf6 3. g3 Bc5 4. Bg2 Nc6 5. Nf3 O-O 6. O-O d6 7. Rb1 Bf5 8. d3
h6 9. Bd2 Qd7 10. Re1 d5 11. cxd5 Nxd5 12. Nxd5 Qxd5 13. e4 Qxd3 14. exf5 e4
15. Nh4 Nd4 16. Bxe4 Qa6 17. Bc3 Rfd8 18. Bxd4 Bxd4 19. Qc2 Qxa2 20. Ra1 Qxb2
21. Qxb2 Bxb2 22. Rab1 Rd2 23. Bxb7 Rb8 24. Bg2 Rbd8 25. Nf3 Rc2 26. h3 Bd4 27.
Nxd4 Rxd4 28. Rbd1 Rcd2 29. Rxd2 Rxd2 30. Ra1 c5 31. Rxa7 c4 32. Ra3 Rd1+ 33.
Kh2 Rc1 34. Bd5 c3 35. Ra8+ Kh7 36. Rc8 c2 37. Bb3 Rf1 38. Rxc2 g6 39. fxg6+
Kxg6 40. Kg2 Rb1 41. Bc4 Rb4 42. Bd3+ Kg5 43. Rc6 Rd4 44. f4+ Kh5 45. Be2# 1-0

[Event "4NCL Online Division 5"]
[Site "online"]
[Date "2020.04.07"]
[Round "1.154"]
[White "Shah, Ashok"]
[Black "Wood, Ryan"]
[Result "0-1"]
[WhiteElo "1187"]
[BlackElo "1322"]
[PlyCount "92"]
[EventDate "2020.04.07"]
[WhiteTeam "Hatch End B"]
[BlackTeam "Rugeley"]

1. e4 e5 2. Nf3 Nc6 3. Nc3 Nf6 4. Bc4 Bc5 5. O-O d6 6. d3 h6 7. a3 Nd4 8. Nb5
Nxb5 9. Bxb5+ c6 10. Bc4 b5 11. Bb3 a5 12. Be3 Ba7 13. c4 a4 14. Bc2 Ng4 15. h3
Nxe3 16. fxe3 Bxe3+ 17. Kh1 O-O 18. c5 Bxc5 19. d4 exd4 20. Nxd4 Bxd4 21. Qxd4
Re8 22. Qd3 Be6 23. e5 dxe5 24. Qh7+ Kf8 25. Rad1 Qg5 26. Bf5 Bd5 27. Rd2 e4
28. Rdf2 e3 29. Re2 Bc4 30. Be6 Bxe6 31. Rf3 Bd5 32. Qh8+ Ke7 33. Rexe3+ Kd7
34. Rxe8 Rxe8 35. Qh7 Bxf3 36. Qd3+ Qd5 37. Qxf3 Qxf3 38. gxf3 Re2 39. b4 Kd6
40. Kg1 c5 41. bxc5+ Kxc5 42. Kf1 Ra2 43. f4 b4 44. h4 b3 45. Ke1 b2 46. f5
b1=Q# 0-1

[Event "4NCL Online Division 5"]
[Site "online"]
[Date "2020.04.07"]
[Round "1.161"]
[White "Brewis, Alan"]
[Black "Lingard, Geoffrey W"]
[Result "0-1"]
[WhiteElo "1375"]
[BlackElo "1765"]
[PlyCount "82"]
[EventDate "2020.04.07"]
[WhiteTeam "Broken Herts 3"]
[BlackTeam "Bude Surfers"]

1. d4 d5 2. Bf4 Bf5 3. e3 Nf6 4. c4 c6 5. Nf3 Nbd7 6. h3 e6 7. Qb3 Qb6 8. c5
Qxb3 9. axb3 Be7 10. b4 a6 11. Be2 O-O 12. O-O Ne4 13. Nbd2 Rfe8 14. Rfe1 Nxd2
15. Nxd2 Bf6 16. Nf3 e5 17. dxe5 Nxe5 18. Nxe5 Bxe5 19. Bxe5 Rxe5 20. Bf3 Rae8
21. Ra3 d4 22. Kf1 dxe3 23. Rexe3 Rxe3 24. Rxe3 Rxe3 25. fxe3 Kf8 26. Kf2 Ke7
27. e4 Be6 28. e5 g6 29. g4 h6 30. Ke3 Bc4 31. Bg2 Ke6 32. Kf4 g5+ 33. Ke3 Kxe5
34. Kd2 Kf4 35. Kc3 Kg3 36. Be4 Be6 37. Kd4 Kf4 38. Bh1 f6 39. Bg2 Kg3 40. Be4
Kxh3 41. Bf3 Bxg4 0-1

[Event "4NCL Online Division 5"]
[Site "online"]
[Date "2020.04.07"]
[Round "1.162"]
[White "Constable, Christine F"]
[Black "Gilmour, Ian"]
[Result "1-0"]
[WhiteElo "1577"]
[BlackElo "1397"]
[PlyCount "93"]
[EventDate "2020.04.07"]
[WhiteTeam "Bude Surfers"]
[BlackTeam "Broken Herts 3"]

1. d4 d5 2. Nf3 c6 3. e3 Nf6 4. Nbd2 Bg4 5. Be2 Nbd7 6. b3 g6 7. Bb2 Bg7 8. Ne5
Bxe2 9. Qxe2 Nxe5 10. dxe5 Nd7 11. f4 e6 12. O-O-O O-O 13. h4 f6 14. h5 gxh5
15. Qxh5 h6 16. Qg6 Qe8 17. Rxh6 Qxg6 18. Rxg6 Kf7 19. Rg3 f5 20. Nf3 Bh6 21.
Rh1 Rh8 22. Rgh3 Bg7 23. Ng5+ Ke7 24. Rh7 Rxh7 25. Rxh7 Rg8 26. Bc3 Nf8 27.
Bb4+ Ke8 28. Bxf8 Kxf8 29. Nxe6+ Kf7 30. Nxg7 Rxg7 31. Rxg7+ Kxg7 32. Kd2 c5
33. Kc3 Kf7 34. b4 b6 35. a3 Ke6 36. g3 Kd7 37. a4 a6 38. b5 a5 39. Kd3 Ke6 40.
c3 Ke7 41. Ke2 Ke6 42. Kf3 Kf7 43. g4 Ke6 44. Kg3 fxg4 45. Kxg4 d4 46. exd4
cxd4 47. cxd4 1-0

[Event "4NCL Online Division 5"]
[Site "online"]
[Date "2020.04.07"]
[Round "1.163"]
[White "Dometakis, Lakis"]
[Black "Constable, John"]
[Result "0-1"]
[WhiteElo "1315"]
[BlackElo "1562"]
[PlyCount "40"]
[EventDate "2020.04.07"]
[WhiteTeam "Broken Herts 3"]
[BlackTeam "Bude Surfers"]

1. e4 g6 2. d4 Bg7 3. Be3 d6 4. Nc3 a6 5. Bd3 b5 6. Qd2 Bb7 7. f3 Nd7 8. O-O-O
c5 9. dxc5 Nxc5 10. h4 Qa5 11. Kb1 b4 12. Nd5 Bxd5 13. exd5 Na4 14. c3 bxc3 15.
bxc3 Rb8+ 16. Kc1 Nxc3 17. Ne2 Rb1+ 18. Bxb1 Nxe2+ 19. Qxe2 Qa3+ 20. Kc2 Qc3#
0-1

[Event "4NCL Online Division 5"]
[Site "online"]
[Date "2020.04.07"]
[Round "1.164"]
[White "Russell, Lloyd"]
[Black "Cooper, John L"]
[Result "0-1"]
[WhiteElo "1210"]
[BlackElo "1247"]
[PlyCount "90"]
[EventDate "2020.04.07"]
[WhiteTeam "Bude Surfers"]
[BlackTeam "Broken Herts 3"]

1. e4 c5 2. Bc4 e6 3. Nf3 Nc6 4. d3 g6 5. Ng5 f6 6. Nh3 Bg7 7. c3 Nge7 8. Qf3
O-O 9. Na3 a6 10. O-O Ne5 11. Qe3 Qc7 12. Bd2 Ng4 13. Qg3 Qxg3 14. hxg3 Ne5 15.
d4 cxd4 16. cxd4 Nxc4 17. Nxc4 Nc6 18. d5 exd5 19. exd5 Ne5 20. Nxe5 fxe5 21.
Rae1 d6 22. Bb4 Rf6 23. Ng5 Bf5 24. Re3 Bh6 25. f4 Re8 26. Ne4 Bxe4 27. Rxe4
Ref8 28. Bc3 Rf5 29. Bb4 R8f6 30. a4 Bf8 31. Bc3 Rf7 32. Rf3 h6 33. fxe5 dxe5
34. Bxe5 Rxf3 35. gxf3 Rxf3 36. Kg2 Rf7 37. d6 Rd7 38. Rd4 Kf7 39. Kf3 Ke6 40.
Bh8 Rxd6 41. Re4+ Kd7 42. Be5 Rd3+ 43. Re3 Rxe3+ 44. Kxe3 Bd6 45. Bxd6 Kxd6 0-1

[Event "4NCL Online Division 5"]
[Site "online"]
[Date "2020.04.07"]
[Round "1.171"]
[White "Shah, Kian"]
[Black "Will, Douglas"]
[Result "0-1"]
[WhiteElo "1735"]
[BlackElo "1828"]
[PlyCount "66"]
[EventDate "2020.04.07"]
[WhiteTeam "Chess Warriors"]
[BlackTeam "Grangemouth Giants"]

1. e4 e5 2. Nf3 Nc6 3. Bb5 f5 4. d3 fxe4 5. dxe4 Nf6 6. Bg5 Bc5 7. O-O d6 8.
Nc3 O-O 9. Nd5 Kh8 10. Qd2 Bg4 11. Bxf6 gxf6 12. Nh4 Nd4 13. Bc4 c6 14. Nc3 f5
15. Ng6+ Kg7 16. Nxf8 Qxf8 17. Kh1 b5 18. Bb3 f4 19. f3 Be6 20. Bxe6 Nxe6 21.
Qe1 Qf6 22. Nd1 Rg8 23. Nf2 Kh8 24. Nd3 Qg5 25. Rf2 Bxf2 26. Qxf2 Qh5 27. c3
Rg6 28. Qxa7 Ng5 29. Qf2 Rh6 30. g4 fxg3 31. Qxg3 Nxf3 32. h3 Rg6 33. Qxg6
Qxh3# 0-1

[Event "4NCL Online Division 5"]
[Site "online"]
[Date "2020.04.07"]
[Round "1.172"]
[White "Sandham, Alasdair"]
[Black "Gurjar, Roshan"]
[Result "0-1"]
[WhiteElo "1361"]
[BlackElo "1712"]
[PlyCount "62"]
[EventDate "2020.04.07"]
[WhiteTeam "Grangemouth Giants"]
[BlackTeam "Chess Warriors"]

1. d4 d5 2. Bf4 c6 3. e3 Nf6 4. Nf3 Bf5 5. c4 e6 6. Nc3 Bb4 7. a3 Ba5 8. b4 Bc7
9. Bg3 O-O 10. Bd3 Ne4 11. Qc2 Nd6 12. Bxf5 Nxf5 13. cxd5 cxd5 14. Nb5 Bb6 15.
Bc7 Qc8 16. Rc1 Nc6 17. Bxb6 axb6 18. O-O Qd7 19. Qd3 Rfc8 20. Ne5 Nxe5 21.
dxe5 h6 22. e4 Ne7 23. exd5 Nxd5 24. h3 Rc6 25. f4 Rac8 26. Rcd1 Rc4 27. f5
Qxb5 28. fxe6 fxe6 29. Qg6 Qe8 30. Qg3 Rc3 31. Qf2 Ne3 0-1

[Event "4NCL Online Division 5"]
[Site "online"]
[Date "2020.04.07"]
[Round "1.173"]
[White "Lindquist, James"]
[Black "Fowler, David A"]
[Result "1-0"]
[WhiteElo "1585"]
[BlackElo "1161"]
[PlyCount "87"]
[EventDate "2020.04.07"]
[WhiteTeam "Chess Warriors"]
[BlackTeam "Grangemouth Giants"]

1. d4 d6 2. Nf3 Nf6 3. Bf4 g6 4. e3 Bg7 5. h3 O-O 6. c4 Nbd7 7. Be2 c5 8. Nc3
a6 9. a4 b6 10. O-O Bb7 11. Re1 h5 12. d5 Nh7 13. e4 Qc7 14. Qd2 Rfe8 15. Bf1
Rad8 16. Rad1 Bc8 17. Bg3 Rf8 18. Nh4 Ne5 19. f4 Nd7 20. Nf3 Bh6 21. Qe2 Rde8
22. e5 dxe5 23. fxe5 Qd8 24. e6 Ndf6 25. Qc2 Kg7 26. Ne5 Ng5 27. Nc6 Nge4 28.
Nxe4 h4 29. Nxd8 Rxd8 30. Nxf6 hxg3 31. Ng4 Bf4 32. Qb3 f6 33. Qxb6 Bd6 34. b4
cxb4 35. c5 Bf4 36. d6 Rh8 37. Qa7 Kg8 38. Qxe7 Rf8 39. Nxf6+ Rxf6 40. Qxf6 Bh6
41. Qxg6+ Bg7 42. Qe8+ Kh7 43. Bd3+ Kh6 44. Qg6# 1-0

[Event "4NCL Online Division 5"]
[Site "online"]
[Date "2020.04.07"]
[Round "1.174"]
[White "Whitton, Nicholas"]
[Black "Gurjar, Siena"]
[Result "0-1"]
[WhiteElo "1032"]
[BlackElo "1382"]
[PlyCount "94"]
[EventDate "2020.04.07"]
[WhiteTeam "Grangemouth Giants"]
[BlackTeam "Chess Warriors"]

1. e4 c6 2. Nf3 d5 3. Nc3 dxe4 4. Nxe4 Bf5 5. d3 Bxe4 6. dxe4 Qxd1+ 7. Kxd1 Nf6
8. Bd3 e6 9. Bf4 Nbd7 10. e5 Nd5 11. g3 Bc5 12. Rf1 O-O 13. Ng5 h6 14. Nh7 Rfd8
15. h4 Nb4 16. Be4 Nf6+ 17. Kc1 Nxe4 18. Nf6+ gxf6 19. exf6 Nxf6 20. Bxh6 Ng4
21. Bg5 Rd5 22. Bf4 Nxf2 23. Rxf2 Bxf2 24. b3 Bd4 25. Rb1 Nxa2+ 26. Kd1 Nc3+
27. Kd2 Nxb1+ 28. Ke1 e5 29. Bg5 Kg7 30. h5 f6 31. Bc1 Rad8 32. c4 Bc3+ 33. Ke2
Rd1 34. h6+ Kg6 35. Be3 Re1+ 36. Kf3 e4+ 37. Kxe4 Re8+ 38. Kf4 R8xe3 39. h7
Kxh7 40. Kg4 Rg1 41. Kf5 Rgxg3 42. Kf4 Rgf3+ 43. Kg4 Rf1 44. b4 Bxb4 45. c5
Bxc5 46. Kh4 Rg1 47. Kh5 Rh3# 0-1

[Event "4NCL Online Division 5"]
[Site "online"]
[Date "2020.04.07"]
[Round "1.182"]
[White "Draper, Martin"]
[Black "Gogia, Abeer"]
[Result "1/2-1/2"]
[WhiteElo "1525"]
[BlackElo "1412"]
[PlyCount "52"]
[EventDate "2020.04.07"]
[WhiteTeam "Warley and Quinborne"]
[BlackTeam "4 Gems"]

1. d4 d5 2. Bf4 Nf6 3. Nf3 c5 4. e3 e6 5. c3 c4 6. Nbd2 Be7 7. b3 b5 8. Qc2 Nc6
9. a4 bxa4 10. bxc4 dxc4 11. Nxc4 Bd7 12. Rxa4 Nxd4 13. Nxd4 Bxa4 14. Qxa4+ Qd7
15. Qxd7+ Kxd7 16. Bd3 Nd5 17. Kd2 Nxf4 18. exf4 Rhd8 19. Rb1 Rab8 20. Re1 Bf6
21. g4 h6 22. Kc2 Bxd4 23. cxd4 Ke7 24. Kc3 Rbc8 25. f5 Rd6 26. fxe6 fxe6
1/2-1/2

[Event "4NCL Online Division 5"]
[Site "online"]
[Date "2020.04.07"]
[Round "1.183"]
[White "Rizvi, Aysha"]
[Black "Berry, Steve"]
[Result "1/2-1/2"]
[WhiteElo "1255"]
[BlackElo "1480"]
[PlyCount "174"]
[EventDate "2020.04.07"]
[WhiteTeam "4 Gems"]
[BlackTeam "Warley and Quinborne"]

1. c4 e6 2. g3 c6 3. Bg2 Nf6 4. Nc3 d6 5. Nf3 Be7 6. O-O O-O 7. d4 d5 8. c5
Nbd7 9. Bf4 Nh5 10. Qd2 Nxf4 11. Qxf4 Nf6 12. Rab1 Nh5 13. Qe3 Nf6 14. b4 b5
15. a4 a6 16. Qd3 h6 17. Ra1 Bb7 18. Ne5 Nd7 19. Nxd7 Qxd7 20. f3 Bf6 21. e4
dxe4 22. fxe4 Bxd4+ 23. Kh1 e5 24. Ra3 Qe6 25. Ne2 Rfd8 26. Nxd4 Rxd4 27. Qb1
Rad8 28. Ra2 R8d7 29. axb5 axb5 30. Ra7 Qe8 31. Ra1 Rd2 32. Qb3 Qd8 33. Bh3 Re7
34. Kg1 Qd4+ 35. Kh1 Rd3 36. Qc2 Rd2 37. Qb3 Qd8 38. Rad1 Rxd1 39. Rxd1 Qc7 40.
Rd6 Bc8 41. Bg2 Be6 42. Qd3 Bc4 43. Rd8+ Kh7 44. Qd2 Qa7 45. Kg1 Be6 46. Qd6
Qa1+ 47. Kf2 Qa2+ 48. Kg1 Qa7 49. Qxe5 Rd7 50. Rxd7 Qxd7 51. Qd6 Qb7 52. e5 Qa8
53. Be4+ Kg8 54. Qxc6 Qa1+ 55. Kf2 Qb2+ 56. Kf3 Qc3+ 57. Kg2 Qd2+ 58. Kf3 Qd8
59. Qxb5 g5 60. Qc6 g4+ 61. Kg2 Qd2+ 62. Kg1 Qe1+ 63. Kg2 Qe2+ 64. Kg1 Bc4 65.
Qa8+ Kg7 66. Qa1 Qxe4 67. e6+ Kg6 68. exf7 Qe3+ 69. Kg2 Bd5+ 70. Kf1 Bxf7 71.
Qa6+ Be6 72. c6 Qc1+ 73. Kg2 Bd5+ 74. Kf2 Qd2+ 75. Qe2 Qxe2+ 76. Kxe2 Bxc6 77.
Kd3 Kf6 78. Kc4 Ke6 79. Kc5 Kd7 80. b5 Bb7 81. Kb6 Kc8 82. Ka7 Kc7 83. b6+ Kc6
84. Kb8 Kxb6 85. h4 gxh3 86. g4 h2 87. g5 hxg5 1/2-1/2

[Event "4NCL Online Division 5"]
[Site "online"]
[Date "2020.04.07"]
[Round "1.184"]
[White "Woodward, Pauline"]
[Black "Rizvi, Zara"]
[Result "1-0"]
[WhiteElo "1262"]
[BlackElo "1076"]
[PlyCount "55"]
[EventDate "2020.04.07"]
[WhiteTeam "Warley and Quinborne"]
[BlackTeam "4 Gems"]

1. e4 c5 2. c3 e5 3. Nf3 Nc6 4. d4 exd4 5. cxd4 cxd4 6. Nxd4 Nxd4 7. Qxd4 Nf6
8. Nc3 d6 9. Qd1 g6 10. Bd3 Bg7 11. O-O O-O 12. Re1 Re8 13. Bf4 Be6 14. e5 dxe5
15. Bxe5 Rc8 16. Bb5 Re7 17. Qf3 b6 18. Rad1 Bd7 19. Bxf6 Rxe1+ 20. Rxe1 Bxf6
21. Bxd7 Bxc3 22. Re8+ Kg7 23. Rxd8 Rxd8 24. Qxc3+ f6 25. Bg4 h5 26. Qc7+ Kh6
27. Qxd8 hxg4 28. Qxf6 1-0

[Event "4NCL Online Division 5"]
[Site "online"]
[Date "2020.04.07"]
[Round "1.191"]
[White "Wong, Tristan"]
[Black "Eccleston, Bryony"]
[Result "0-1"]
[WhiteElo "1622"]
[BlackElo "1330"]
[PlyCount "98"]
[EventDate "2020.04.07"]
[WhiteTeam "Warwickshire Bears B"]
[BlackTeam "Manchester Juniors C"]

1. d4 Nf6 2. Bf4 d5 3. e3 e6 4. Bd3 c5 5. c3 Nc6 6. Nd2 Bd6 7. Ngf3 Bxf4 8.
exf4 cxd4 9. Nxd4 Nxd4 10. cxd4 O-O 11. O-O Qb6 12. Nb3 Bd7 13. Rc1 Rac8 14.
Qd2 Bb5 15. f5 Ne4 16. Bxe4 Bxf1 17. Rxc8 Rxc8 18. Bxd5 exd5 19. Kxf1 Qc6 20.
Nc5 b6 21. Nd3 Qc2 22. Qxc2 Rxc2 23. Ke1 Kf8 24. Kd1 Rc4 25. Kd2 Rxd4 26. f3
Ke7 27. Ke3 Rh4 28. h3 Kf6 29. g4 Rxh3 30. Nf4 Rh2 31. Nxd5+ Ke5 32. Nc3 Rxb2
33. f4+ Kd6 34. Kd4 Rb4+ 35. Ke3 g6 36. f6 Ke6 37. Kf3 Rc4 38. Ne4 Rxe4 39.
Kxe4 Kxf6 40. g5+ Ke6 41. a4 a5 42. Ke3 Kd5 43. Kd3 Kc5 44. Kc3 b5 45. axb5
Kxb5 46. Kb3 a4+ 47. Ka3 Kc4 48. Kxa4 Kd4 49. Kb4 Ke4 0-1

[Event "4NCL Online Division 5"]
[Site "online"]
[Date "2020.04.07"]
[Round "1.192"]
[White "Seet, Joshua"]
[Black "Fellowes, Billy"]
[Result "0-1"]
[WhiteElo "1232"]
[BlackElo "1555"]
[PlyCount "108"]
[EventDate "2020.04.07"]
[WhiteTeam "Manchester Juniors C"]
[BlackTeam "Warwickshire Bears B"]

1. d4 Nf6 2. c4 e6 3. Nc3 c5 4. e3 cxd4 5. exd4 Nc6 6. Nf3 Qb6 7. Be2 Be7 8.
O-O O-O 9. d5 exd5 10. Nxd5 Nxd5 11. Qxd5 Nb4 12. Qh5 Qg6 13. Qxg6 hxg6 14. Bf4
d5 15. cxd5 Nxd5 16. Bg3 f5 17. Rad1 Nb6 18. Nd4 g5 19. h4 gxh4 20. Bh2 g5 21.
g3 hxg3 22. Bxg3 f4 23. Bh2 Kg7 24. Kh1 Rh8 25. Kg2 Bh3+ 26. Kf3 Bxf1 27. Nf5+
Kf7 28. Bxf1 Rxh2 29. Bd3 Bc5 30. Rf1 Rd8 31. Be4 Nc4 32. Kg4 Rxf2 33. Rxf2
Bxf2 34. Kxg5 Bg3 35. Kg4 Rg8+ 36. Kf3 Nd2+ 37. Kg2 Nxe4 38. Nh6+ Kg7 39. Nxg8
Kxg8 40. Kf3 Ng5+ 41. Kg2 Kf7 42. b4 Kf6 43. a4 Kf5 44. b5 Kg4 45. a5 f3+ 46.
Kf1 f2 47. b6 axb6 48. axb6 Kh3 49. Ke2 Kg2 50. Ke3 f1=Q 51. Kd4 Nf3+ 52. Ke4
Qc4+ 53. Ke3 Qd4+ 54. Ke2 Qd2# 0-1

[Event "4NCL Online Division 5"]
[Site "online"]
[Date "2020.04.07"]
[Round "1.193"]
[White "Agrawal, Ansh"]
[Black "Eccleston, Rowan"]
[Result "1-0"]
[WhiteElo "1472"]
[BlackElo "1120"]
[PlyCount "77"]
[EventDate "2020.04.07"]
[WhiteTeam "Warwickshire Bears B"]
[BlackTeam "Manchester Juniors C"]

1. d4 e6 2. c4 d5 3. Nc3 c5 4. cxd5 exd5 5. dxc5 Bxc5 6. Qxd5 Qxd5 7. Nxd5 Nh6
8. Nc7+ Kf8 9. Nxa8 Ng4 10. e3 b6 11. Nc7 Bb7 12. Nb5 Ke7 13. Nf3 Rd8 14. Nc3
Bb4 15. Bd2 Bxf3 16. gxf3 Ne5 17. O-O-O Nxf3 18. Nd5+ Rxd5 19. Bxb4+ Rc5+ 20.
Bxc5+ bxc5 21. Bg2 Nh4 22. Bb7 Nf3 23. Bxf3 g6 24. Rd5 Nd7 25. Rhd1 Nf6 26.
Rxc5 Nd7 27. Rc7 Ke6 28. Rdxd7 a6 29. Rxf7 h5 30. Rfd7 a5 31. Ra7 h4 32. Rdb7
a4 33. Rxa4 Kd6 34. Ra5 Ke6 35. Rb6+ Kd7 36. Ra7+ Kc8 37. Rxg6 Kb8 38. Rh7 Kc8
39. Rg8# 1-0

[Event "4NCL Online Division 5"]
[Site "online"]
[Date "2020.04.07"]
[Round "1.194"]
[White "Nagai, Ken Stephen"]
[Black "Pillay, Shriya"]
[Result "0-1"]
[WhiteElo "1135"]
[BlackElo "1532"]
[PlyCount "88"]
[EventDate "2020.04.07"]
[WhiteTeam "Manchester Juniors C"]
[BlackTeam "Warwickshire Bears B"]

1. e4 e5 2. Nf3 Nc6 3. Bc4 Bc5 4. Nc3 Nf6 5. O-O O-O 6. d3 d6 7. h3 h6 8. Be3
Bxe3 9. fxe3 Bd7 10. Qe2 Nh5 11. Qf2 Ne7 12. Qh4 Nf6 13. Nh2 c6 14. Ne2 Qb6 15.
d4 Ng6 16. Qg3 Qxb2 17. Rxf6 gxf6 18. Rf1 Kg7 19. Qf3 f5 20. exf5 Qxc2 21. f6+
Kh7 22. Qh5 Qxc4 23. Ng4 Bxg4 24. hxg4 Qxe2 25. g5 Qxe3+ 26. Rf2 Qxg5 27. Qh3
Nf4 28. Qh2 Rg8 29. a4 Qxg2+ 30. Rxg2 Rxg2+ 31. Qxg2 Nxg2 32. Kxg2 exd4 33. Kg3
Kg6 34. Kf3 Kxf6 35. Ke4 Rg8 36. Kxd4 Rg5 37. Ke4 h5 38. Kd4 h4 39. Kc4 h3 40.
Kb4 h2 41. a5 h1=Q 42. Ka4 Qh4+ 43. Kb3 Rg3+ 44. Kc2 Qh2+ 0-1